|
|
|
|
| LEADER |
03210nam a2200793 i 4500 |
| 001 |
nkc20122409584 |
| 003 |
CZ PrNK |
| 005 |
20260323181730.0 |
| 007 |
ta |
| 008 |
151012s2012 xr ach e 000 0 cze |
| 015 |
|
|
|a cnb002409584
|
| 020 |
|
|
|a 978-80-87456-32-3
|q (brožováno)
|
| 035 |
|
|
|a (OCoLC)928736873
|
| 040 |
|
|
|a ABA001
|b cze
|e rda
|
| 043 |
|
|
|a e-cs---
|a e-xr---
|
| 045 |
|
|
|a x4x8
|
| 072 |
|
7 |
|a 323
|x Vnitropolitický vývoj, politický život
|2 Konspekt
|9 15
|
| 080 |
|
|
|a 321.74
|2 MRF
|
| 080 |
|
|
|a 37.014.542
|2 MRF
|
| 080 |
|
|
|a 373.3
|2 MRF
|
| 080 |
|
|
|a 373.5/.6+377.1/.3
|2 MRF
|
| 080 |
|
|
|a 328/329
|2 MRF
|
| 080 |
|
|
|a 323
|2 MRF
|
| 080 |
|
|
|a (437.3)
|2 MRF
|
| 080 |
|
|
|a (437)
|2 MRF
|
| 080 |
|
|
|a (0:82-96)
|2 MRF
|
| 080 |
|
|
|a (093)
|2 MRF
|
| 080 |
|
|
|a (072)
|2 MRF
|
| 100 |
1 |
|
|a Drda, Adam,
|d 1971-
|7 js20011212175
|4 aut
|4 edt
|
| 245 |
1 |
0 |
|a Příběhy bezpráví.
|p Nástroje normalizační moci :
|b Jeden svět na školách : metodická příručka /
|c odborné texty: Adam Drda, Petr Dudek, Tomáš Němeček, Prokop Tomek
|
| 246 |
3 |
0 |
|a Jeden svět na školách
|
| 246 |
3 |
0 |
|a Nástroje normalizační moci
|
| 264 |
|
1 |
|a Praha :
|b Člověk v tísni, o.p.s.,
|c 2012
|
| 300 |
|
|
|a 328 stran :
|b ilustrace (některé barevné), portréty, faksimile ;
|c 30 cm
|
| 336 |
|
|
|a text
|b txt
|2 rdacontent
|
| 337 |
|
|
|a bez média
|b n
|2 rdamedia
|
| 338 |
|
|
|a svazek
|b nc
|2 rdacarrier
|
| 504 |
|
|
|a Obsahuje bibliografii a bibliografické odkazy
|
| 610 |
2 |
7 |
|a Příběhy bezpráví (projekt)
|7 kn20070213014
|2 czenas
|
| 648 |
|
7 |
|a 1948-1989
|7 ch460661
|2 czenas
|
| 648 |
|
7 |
|a 2001-2020
|7 ch460601
|2 czenas
|
| 650 |
0 |
7 |
|a komunistický režim
|7 ph114960
|z Československo
|y 1948-1989
|2 czenas
|
| 650 |
0 |
7 |
|a vzdělávací projekty
|7 ph242428
|z Česko
|y 2001-2020
|2 czenas
|
| 650 |
0 |
7 |
|a základní školy
|7 ph116795
|z Česko
|2 czenas
|
| 650 |
0 |
7 |
|a střední školy
|7 ph116320
|z Česko
|2 czenas
|
| 650 |
0 |
9 |
|a communist regime
|z Czechoslovakia
|y 1948-1989
|2 eczenas
|
| 650 |
0 |
9 |
|a educational projects
|z Czechia
|y 2001-2020
|2 eczenas
|
| 650 |
0 |
9 |
|a elementary schools
|z Czechia
|2 eczenas
|
| 650 |
0 |
9 |
|a secondary schools
|z Czechia
|2 eczenas
|
| 651 |
|
7 |
|a Československo
|7 ge131689
|x politika a vláda
|y 1948-1989
|2 czenas
|
| 651 |
|
7 |
|a Československo
|7 ge131689
|x společnost a politika
|y 1948-1989
|2 czenas
|
| 651 |
|
9 |
|a Czechoslovakia
|x politics and government
|y 1948-1989
|2 eczenas
|
| 651 |
|
9 |
|a Czechoslovakia
|x society and politics
|y 1948-1989
|2 eczenas
|
| 655 |
|
7 |
|a literatura faktu
|7 fd132773
|2 czenas
|
| 655 |
|
7 |
|a dokumenty
|7 fd132064
|2 czenas
|
| 655 |
|
7 |
|a metodické příručky
|7 fd132826
|2 czenas
|
| 655 |
|
9 |
|a non-fiction
|2 eczenas
|
| 655 |
|
9 |
|a documents
|2 eczenas
|
| 655 |
|
9 |
|a methodological manuals
|2 eczenas
|
| 700 |
1 |
|
|a Dudek, Petr,
|d 1963-
|7 jn20000400565
|4 aut
|
| 700 |
1 |
|
|a Němeček, Tomáš,
|d 1973-
|7 xx0342682
|4 aut
|
| 700 |
1 |
|
|a Tomek, Prokop,
|d 1965-
|7 jn20010310239
|4 aut
|
| 710 |
2 |
|
|a Příběhy bezpráví (projekt)
|7 kn20070213014
|4 orm
|
| 710 |
2 |
|
|a JSNS (program)
|7 ko20221157461
|4 orm
|
| 910 |
2 |
|
|a BOA001
|b 4-1357.618
|
| 990 |
|
|
|a BK
|
| 995 |
|
|
|a 01
|
| 991 |
|
|
|b 201512
|c NOV
|
| 996 |
6 |
|
|b 2610652584
|c 4-1357.618
|l MZK
|r Sklad / do 1 hodiny
|n 1
|p p.v.
|w 001535179
|u 000010
|a 1
|e BOA001
|j MZK50
|s P
|